Song Titles in Telugu - Statistics

General Stats
  • This quiz has been taken 39 times
  • The average score is 5 of 10
Answer Stats
Translated Title English % Correct
Santōṣaṁ Happy
92%
Namaskāraṁ Hello
86%
Ceḍu raktaṁ Bad Blood
78%
Dēvā, rājunu kāpāḍu God Save the King
50%
Mīru nannu ēmi cēpin̄cārō cūḍu Look What You Made Me Do
47%
Nuvvu tīsukunē prati śvāsa Every Breath You Take
42%
Nī ākāraṁ Shape of You
42%
Maḷḷī nalupulō Back in Black
33%
Nr̥tya kōti Dance Monkey
28%
Pāta ūru vīdhi Old Town Road
28%
No matching quizzes found
Score Distribution
Percent of People with Each Score
Percentile by Number Answered
Your Score History
You have not taken this quiz